000 00763nam a2200277Ia 4500
005 20260320195722.0
008 008 262003s9999 xx 000 0 hin d
020 _a9788126729814
037 _aEBOOK
040 _aCRL
040 _bhin
040 _cCRL
041 _2hin
041 _ahin
084 _qCRL
100 _aकृष्णा सोबती
_91132763
245 0 _aगुजरात पाकिस्तान से गुजरात हिंदुस्तान
250 _a4th
260 _bRajkamal
260 _c2017
300 _a255
856 _uhttps://ebook.indiaread.in/pdfs/230_gujrat_pakistan_se_gujrat_hindustan_by_krishna_sobti.pdf
942 _cEBOOK
999 _c1716116
_d1716116